Модель будущего в программе правящей политической партии России; Вестник науки Сибири; № 2 (8)

Detalles Bibliográficos
Parent link:Вестник науки Сибири: электронный научный журнал/ Томский политехнический университет (ТПУ).— , 2011-.— 2226-0064
№ 2 (8).— 2013.— [С. 161-166]
Autor principal: Сенцов А. Э. Аркадий Эдуардович
Sumario:Заглавие с титульного листа
На материале программных документов правящей партии "Единая Россия" проанализировано представление модели политического будущего. Показано, что разработка модели будущего политической партией является значимым механизмом, который может обеспечить интеграцию науки в инновационное общество.
Lenguaje:ruso
Publicado: 2013
Colección:Филология. Педагогика
Materias:
Acceso en línea:http://earchive.tpu.ru/handle/11683/16419
Formato: Electrónico Capítulo de libro
KOHA link:https://koha.lib.tpu.ru/cgi-bin/koha/opac-detail.pl?biblionumber=517847

MARC

LEADER 00000naa2a2200000 4500
001 517847
005 20231101105746.0
035 |a (RuTPU)RU\TPU\prd\196082 
035 |a RU\TPU\prd\196081 
090 |a 517847 
100 |a 20130920d2013 k y0rusy50 ca 
101 0 |a rus 
102 |a RU 
135 |a drnn ---uucaa 
181 0 |a i  
182 0 |a b 
200 1 |a Модель будущего в программе правящей политической партии России  |f А. Э. Сенцов 
203 |a Текст  |c электронный 
215 |a 1 файл (354 Кб) 
225 1 |a Филология. Педагогика 
230 |a Электронные текстовые данные (1 файл : 354 Кб) 
300 |a Заглавие с титульного листа 
320 |a [Библиогр.: с. 166 (9 назв.)] 
330 |a На материале программных документов правящей партии "Единая Россия" проанализировано представление модели политического будущего. Показано, что разработка модели будущего политической партией является значимым механизмом, который может обеспечить интеграцию науки в инновационное общество. 
337 |a Adobe Reader 
461 1 |0 (RuTPU)RU\TPU\prd\143680  |x 2226-0064  |t Вестник науки Сибири  |o электронный научный журнал  |f Томский политехнический университет (ТПУ)  |d 2011- 
463 1 |0 (RuTPU)RU\TPU\prd\195836  |t № 2 (8)  |v [С. 161-166]  |d 2013 
610 1 |a политическая лингвистика 
610 1 |a политические партии 
610 1 |a программы 
610 1 |a политическое будущее 
610 1 |a российская наука 
610 1 |a интеграция 
610 1 |a правящие партии 
610 1 |a Россия 
610 1 |a труды учёных ТПУ 
610 1 |a электронный ресурс 
700 1 |a Сенцов  |b А. Э.  |c лингвист  |c старший преподаватель Томского политехнического университета  |c заместитель директора по учебно-методической и научной деятельности ИМОЯК Томского политехнического университета  |g Аркадий Эдуардович  |2 stltpush  |3 (RuTPU)RU\TPU\pers\27933 
801 1 |a RU  |b 63413507  |c 20090623  |g PSBO 
801 2 |a RU  |b 63413507  |c 20180115  |g PSBO 
856 4 |u http://earchive.tpu.ru/handle/11683/16419 
942 |c BK